000 00384nam a22001697a 4500
003 UA-OsUOA
001 2544
007 ta
008 20050721b un ||||| |||| 00| 0 ukr d
100 _aHubbard
700 _aL. Ron
942 _cBK
040 _aUA-OsUOA
_cUA-OsUOA
_dUA-OsUOA
245 _aVillainy Victorious ( Vol. 9 in the Mission Earth
_bFiction
955 _a2
650 7 _2UDC
999 _c288706
_d288706